000 00721nam a22002177a 4500
003 BD-DhJNU
005 20250812034010.0
008 250812b |||||||| |||| 00| 0 eng d
020 _a039545185X
040 _aBD-DhJNU
_bENG
_cBD-DhJNU
_dBD-DhJNU
082 _223
_a973.927 MAL
100 _aMayer, Jane
245 _aLandslide :
_bthe unmaking of the President, 1984-1988 /
_cJane Mayer and Doyle McManus
260 _aBoston :
_bHoughton Mifflin Company,
_c1988.
300 _axi, 468p. :
_bill. ;
_c24 cm.
504 _aIncludes bibliographical references and index
650 _aReagan, Ronald, 1911
650 _aUnited States
_xPolitics and government
_y1981
700 _aMcManus, Doyle
942 _2ddc
_cBK
_n0
999 _c1985
_d1985